Statistiken für Top 20 Länder mit den größten Menschen

Klicken Sie hier um das Quiz zu spielen!

Allgemein

  • Dieses Quiz wurde 121 mal gespielt
  • Das Durchschnittsergebnis liegt bei 15 aus 20

Antwortstatistiken

MännerFrauenLand% Korrekt
179.7 (5′11)165.9 (5′5)Deutschland
95%
179.6 (5′11)165.7 (5′5)Schweden
94%
179.7 (5′11)165.9 (5′5)Finnland
92%
179.5 (5′11)165.6 (5′5)Norwegen
92%
182.5 (6′0)168.7 (5′6)Niederlande
87%
181.4 (5′11)167.2 (5′6)Dänemark
83%
181.7 (6′0)165.5 (5′5)Belgien
81%
180.1 (5′11)165.9 (5′5)Island
76%
181.7 (5′11)169.8 (5′7)Lettland
74%
179.7 (5′11)166.6 (5′6)Litauen
74%
181.6 (5′11)168.7 (5′6)Estland
73%
181.4 (5′11)168.5 (5′6)Tschechien
69%
178.9 (5′10)166.3 (5′6)Weißrussland
69%
179.0 (5′10)166.3 (5′6)Ukraine
68%
179.2 (5′11)165.9 (5′5)Australien
66%
180.9 (5′11)167.7 (5′6)Serbien
66%
179.8 (5′11)166.1 (5′5)Slowenien
66%
180.6 (5′11)167.5 (5′6)Slowakei
65%
179.9 (5′11)165.6 (5′5)Kroatien
61%
180.5 (5′11)165.8 (5′5)Bosnien und Herzegowina
56%

Verteilung der Resultate

Perzentil nach korrekt beantworteten Fragen

Anzahl Personen mit jedem Resultat

Ihre Resultats-Entwicklung

Sie haben dieses Quiz noch nicht gespielt